000 00502nam a2200181Ia 4500
999 _c20912
_d20912
003 OSt
005 20200708111119.0
008 190216s9999||||xx |||||||||||||| ||und||
020 _a9780415162050
040 _coclc
082 _a901
_bLEM/P
100 _aLemon, M C
_93655
245 0 _aPhilosophy Of History:
_bA Guide for Students /
_cM C Lemon
260 _bRoutledge,
_c2003.
_aLondon:
300 _a461p
650 _aHistory
942 _cBK
_2ddc
_h901
_iLEM/P
_k901
_mLEM/P